| 000 | 01206cam a2200397 a 4500 | ||
|---|---|---|---|
| 999 |
_c342 _d342 |
||
| 001 | 3948492 | ||
| 003 | CaAEU | ||
| 005 | 20210611120732.0 | ||
| 008 | 021126s2004 onca b 001 0 eng | ||
| 016 | _a20029059623 | ||
| 020 | _a0205360742 (pbk.) : | ||
| 020 | _a9780205360741 (pbk.) | ||
| 035 | _aocm51204213 | ||
| 040 |
_aNLC _beng _cNLC _dAEU |
||
| 049 | _aUABA | ||
| 050 |
_aBF637 _b.C45 I68 2004 |
||
| 055 | 0 | 2 | _aBF637* |
| 055 | 0 |
_aBF637 C45 _bI68 2003 |
|
| 055 | 0 | 0 |
_aBF637 C45 _bI68 2004 fol. |
| 082 | 0 |
_a153.6 _221 |
|
| 090 |
_aBF 637 C45 B43 2004 _bAEU |
||
| 090 |
_aBF637 .C45 B43 2004 _bAEGMCT |
||
| 090 |
_aDISTANCE _bAEGMCT |
||
| 245 | 0 | 0 |
_aInterpersonal communication : _brelating to others / _cSteven A. Beebe ... [et al.]. |
| 250 | _a3rd Canadian ed. | ||
| 260 |
_aToronto : _bPearson, _cc2004. |
||
| 300 |
_axiv, 402 p. : _bill. ; _c26 cm. |
||
| 336 |
_atext _btxt _2rdacontent |
||
| 337 |
_aunmediated _bn _2rdamedia |
||
| 338 |
_avolume _bnc _2rdacarrier |
||
| 504 | _aIncludes bibliographical references and index. | ||
| 650 | 0 |
_aInterpersonal communication _vTextbooks. |
|
| 700 | 1 |
_aBeebe, Steven A., _d1950- |
|
| 942 |
_2lcc _cBK _nSO |
||
| 949 |
_hUAED-CU-B _i0162024008557 |
||